000 00322nam a22001337a 4500
020 _a978-0-14-015754-3
082 _a823
_bMAR/C
100 _aMARQUES, GABRIEL GARCIA
245 _aCHRONICLE OF A DEATH FORETOLD
260 _aNEW YORK
_bPENGUIN BOOKS
_c1996
300 _a122
650 _aNOVEL
_zUNITED STATES
942 _cBK
999 _c3529
_d3529